[Event "Stay Safe Play From Home 361"]
[Site "Emanuel Lasker Arena"]
[Date "2020.08.06"]
[Round "1"]
[White "Tran Minh Thang"]
[Black "Greblah"]
[Result "1-0"]
[WhiteElo "2469"]
[BlackElo "1830"]
[Annotator "TA"]
[PlyCount "57"]
[EventDate "2020.08.06"]
[EventType "swiss (blitz)"]

{[%evp 9,57,7,62,25,29,-21,57,69,59,16,16,18,56,49,49,58,51,49,93,85,121,79,86,78,98,81,84,75,111,54,127,138,125,87,87,80,104,66,143,151,135,137,120,109,245,250,371,325,305,287]} 1. d4 c5 2. d5 g6 3. Nc3 Bg7 4. g3 d6 5. Bg2 e5 (5... Bxc3+ $11 6. bxc3 Qa5) 6. dxe6 {A43: Schmid Benoni.} fxe6 7. Nf3 Nf6 ({Black should try} 7... d5 $11) 8. O-O {White is slightly better.} O-O 9. e4 Nc6 10. e5 {[#]} Nxe5 $146 ({Predecessor:} 10... dxe5 11. Qxd8 Rxd8 12. Bg5 h6 13. Bxf6 Bxf6 14. Ne4 Be7 15. Rfd1 Bd7 16. Bh3 Kg7 {1-0 (41) Fradkin,B (2365)-Motylev,A (2280) Ekaterinburg 1996}) 11. Nxe5 dxe5 12. Qe2 $36 {[%mdl 2048] White is pushing.} Nd5 13. Ne4 a6 14. Nxc5 b5 15. b3 Qc7 16. Ne4 Bb7 17. Bb2 Rac8 18. Rac1 b4 19. Rfe1 (19. c4 $16 bxc3 20. Bxc3) 19... Nc3 (19... Bh6 $14) 20. Bxc3 $1 $16 bxc3 21. Ng5 Bxg2 22. Kxg2 Qc6+ 23. Qe4 h6 ({Black should play} 23... Bh6 $14) 24. Qxc6 Rxc6 25. Ne4 Rd8 26. Red1 Rxd1 (26... Rd4 $16) 27. Rxd1 $18 Rc7 (27... Bf8 $142 28. Rd8 Kf7 29. Rd7+ Be7) 28. Rd3 Kf7 29. Rxc3 {Accuracy: White = 70%, Black = 39%.} 1-0

[Event "Stay Safe Play From Home 361"]
[Site "Emanuel Lasker Arena"]
[Date "2020.08.06"]
[Round "1"]
[White "Nuktotitakoi"]
[Black "NTBT_DHS"]
[Result "0-1"]
[WhiteElo "2451"]
[BlackElo "2619"]
[Annotator "TA"]
[PlyCount "74"]
[EventDate "2020.08.06"]
[EventType "swiss (blitz)"]

{[%evp 9,74,30,50,37,44,0,0,0,0,0,8,8,47,37,42,29,95,106,101,114,173,169,171,152,260,249,399,88,82,27,25,10,17,15,70,79,270,265,256,242,237,222,715,105,231,219,506,312,29997,8,12,10,18,0,0,0,0,0,0,0,0,-29991,-29992,-29992,-29993,-29993,-1261]} 1. e4 g6 2. d4 Bg7 3. Nc3 a6 4. h4 h5 5. Bg5 {[#]} Nf6 $146 ({Predecessor:} 5... d6 6. Bc4 b5 7. Bb3 Bb7 8. Qd2 Nf6 9. f3 Nbd7 10. Nce2 c5 11. c3 e5 {1-0 (36) Turov,M (2575)-Kiik,K (2406) Finland 2018}) 6. e5 {B06: Modern Defence.} Nh7 7. Bf4 d6 8. Nf3 {The position is equal.} Bg4 9. Qe2 Nc6 {White must now prevent ...Bxf3.} 10. O-O-O O-O 11. Qe3 e6 12. Be2 b5 (12... Ne7 $11) 13. Nh2 $16 Bxe2 14. Nxe2 dxe5 (14... Qxh4 $16 15. Nf3 Qe7) 15. dxe5 $18 Qe7 16. g4 $1 hxg4 (16... Rad8 $16 {might work better.}) 17. Nxg4 Rad8 (17... f5 $142) 18. Rxd8 $2 (18. Rdg1 $18) 18... Rxd8 $16 19. h5 (19. Kb1 $16) 19... g5 $11 20. Bg3 Qb4 21. f3 Nd4 (21... Bf8 $11) 22. Nxd4 $14 Rxd4 $2 (22... Qxd4 $16 23. Qe2 Qd5) 23. c3 Rc4 24. h6 Bf8 25. Rd1 {Strongly threatening Rd7.} Qa4 $2 {[#]} (25... Qe7 26. Bf2 Rf4) 26. a3 $2 (26. Nf6+ $1 $18 {is the precise move to win.} Kh8 27. Nxh7 Kxh7 28. Qd3+ Kxh6 29. Rh1+ Rh4 {[%mdl 64] Decoy} 30. Bxh4 Qf4+ 31. Kc2) 26... b4 (26... Rxg4 $16 27. fxg4 Qxg4) 27. axb4 a5 $2 {[#]} (27... Qa1+ 28. Kc2 Qa4+ 29. Kd2 Qa2) 28. Rd8 $1 axb4 $2 {[#]} (28... Rxg4 $18 29. fxg4 axb4 30. cxb4 Qa1+ 31. Kc2 Qa4+ 32. Kb1 Qxb4) 29. Nf6+ $2 (29. Qxg5+ $1 {[%mdl 512] mates} Nxg5 30. Nf6+ Kh8 31. Rxf8#) 29... Nxf6 $1 $11 30. Qxg5+ Kh7 31. Rxf8 {[%csl Gh6][%cal Rg5g7]} Qa1+ 32. Kc2 {[%csl Gh6][%cal Rg5g7]} b3+ 33. Kd3 {[%csl Gh6][%cal Rg5g7]} Qf1+ {[%mdl 64] Double Attack} 34. Kd2 {[%csl Gh6][%cal Rg5g7]} Qg2+ $40 {[%mdl 128] Black attacks.} 35. Kd1 $4 {[%mdl 8192]} (35. Ke1 $11 Qg1+ 36. Ke2 Qg2+ 37. Kd3 Qf1+ 38. Kd2 Qg2+ 39. Ke1 Qg1+ 40. Ke2 Qg2+ 41. Ke1) 35... Qxf3+ {Black mates.} 36. Kc1 Qf1+ 37. Kd2 Ne4+ {[%mdl 64] Double Attack. Both players deserved the win here. Accuracy: White = 58%, Black = 42%.} 0-1

[Event "Stay Safe Play From Home 361"]
[Site "Emanuel Lasker Arena"]
[Date "2020.08.06"]
[Round "1"]
[White "AChessPlayer"]
[Black "RASO30"]
[Result "1-0"]
[WhiteElo "2436"]
[BlackElo "1620"]
[Annotator "NA RC"]
[PlyCount "65"]
[EventDate "2020.08.06"]
[EventType "swiss (blitz)"]

1. Nf3 {[%emt 0:00:01]} g6 {[%emt 0:00:00]} 2. g3 {[%emt 0:00:00]} Bg7 {[%emt 0:00:00]} 3. Bg2 {[%emt 0:00:00]} d6 {[%emt 0:00:00]} 4. O-O {[%emt 0:00:00]} Nd7 {[%emt 0:00:00]} 5. d3 {[%emt 0:00:00]} e6 {[%emt 0:00:00]} 6. e4 {[%emt 0:00:00]} Ne7 {[%emt 0:00:00]} 7. Nc3 {[%emt 0:00:03]} O-O {[%emt 0:00:00]} 8. d4 {[%emt 0:00:00]} b6 {[%emt 0:00:01]} 9. Be3 {[%emt 0:00:00]} Bb7 {[%emt 0:00:00]} 10. Qd2 {[%emt 0:00:00]} e5 {[%emt 0:00:01]} 11. Bh6 {[%emt 0:00:02]} exd4 {[%emt 0:00:02]} 12. Bxg7 {[%emt 0:00:00]} Kxg7 {[%emt 0:00:02]} 13. Qxd4+ {[%emt 0:00:00]} Kg8 {[%emt 0:00:04]} 14. Rad1 {[%emt 0:00:00]} Nf6 {[%emt 0:00:05]} 15. Qxf6 {[%emt 0:00:02]} Qe8 {[%emt 0:00:04]} 16. Qh4 {[%emt 0:00:01]} Kg7 {[%emt 0:00:03]} 17. Rfe1 {[%emt 0:00:03]} Ng8 {[%emt 0:00:01]} 18. Nd4 {[%emt 0:00:02]} Nf6 {[%emt 0:00:02]} 19. Nd5 {[%emt 0:00:01]} Nxd5 {[%emt 0:00:02]} 20. exd5 {[%emt 0:00:00]} Qd7 {[%emt 0:00:01]} 21. Qg5 {[%emt 0:00:01]} Rae8 {[%emt 0:00:03]} 22. c4 {[%emt 0:00:03]} Rxe1+ {[%emt 0:00:02]} 23. Rxe1 {[%emt 0:00:00]} c6 {[%emt 0:00:01]} 24. dxc6 {[%emt 0:00:01]} Bxc6 {[%emt 0:00:03]} 25. Bxc6 {[%emt 0:00:01]} Qc7 {[%emt 0:00:02]} 26. Nf5+ {[%emt 0:00:01]} Kg8 {[%emt 0:00:04]} 27. Ne7+ {[%emt 0:00:02]} Kg7 {[%emt 0:00:03]} 28. h4 {[%emt 0:00:01]} h6 {[%emt 0:00:04]} 29. Nf5+ {[%emt 0:00:01]} Kg8 {[%emt 0:00:06]} 30. Nxh6+ {[%emt 0:00:00]} Kh7 {[%emt 0:00:01]} 31. Ng4 {[%emt 0:00:01]} Kg7 {[%emt 0:00:01]} 32. Qh6+ {[%emt 0:00:01]} Kg8 {[%emt 0:00:02]} 33. Nf6# {[%emt 0:00:00] (Lag: Av=0.83s, max=1.8s) (Lag: Av=0.83s, max=1.8s) (Lag: Av=0.83s, max=1.8s) (Lag: Av=0.83s, max=1.8s) (Lag: Av=0.83s, max=1.8s) Mate Mate Mate Mate Mate} 1-0

[Event "Stay Safe Play From Home 361"]
[Site "Emanuel Lasker Arena"]
[Date "2020.08.06"]
[Round "1"]
[White "Lamborghini"]
[Black "Dreamsoldier"]
[Result "1-0"]
[WhiteElo "2300"]
[BlackElo "1281"]
[Annotator "TA"]
[PlyCount "41"]
[EventDate "2020.08.06"]
[EventType "swiss (blitz)"]

{[%evp 9,40,56,93,112,94,52,78,99,118,125,156,134,158,128,156,131,238,252,287,122,490,502,830,809,1181,1159,1837,709,2266,2274,29990,29990,29999]} 1. e4 Nf6 2. e5 Nd5 3. d4 d6 4. Nf3 Nb6 5. a4 {[%cal Ba2a4,Ba4a5][%mdl 32]} Bg4 6. a5 {B04: Alekhine's Defence: 4 Nf3.} N6d7 {[#]} 7. e6 $146 ({Predecessor:} 7. exd6 exd6 8. Bd3 Nc6 9. c3 Qf6 10. Nbd2 Qe6+ 11. Be2 O-O-O 12. O-O Re8 13. Re1 {1-0 (33) Yakunin,A (2360)-Kutynec,V (2259) Pardubice 2011}) 7... fxe6 8. Be2 {White is better.} Nf6 9. Ng5 Bxe2 10. Qxe2 ({Stronger than} 10. Kxe2 Qd7 $11) 10... Qd7 11. Nxe6 Nc6 12. O-O g6 (12... Nd8 $16) 13. a6 $18 b6 14. Nc3 (14. Bg5 $18 {is more deadly.} Kf7 15. Re1) 14... Nh5 $2 {[%mdl 8192] [#] Black cannot hold the game after this.} (14... Nd8 $16 {is more resistant.}) 15. Nb5 Rc8 (15... Kf7 $142 16. d5 Nb4 17. Nexc7 Rc8) 16. d5 Ne5 17. f4 Nf7 18. f5 (18. Nxa7 $142 Ra8 19. Nb5) 18... gxf5 19. Qxh5 c6 20. Qxf5 {[%csl Gf1][%cal Rf5f7]} cxd5 21. Qxf7# {Accuracy: White = 63%, Black = 18%.} 1-0

[Event "Stay Safe Play From Home 361"]
[Site "Emanuel Lasker Arena"]
[Date "2020.08.06"]
[Round "1"]
[White "SelamiSahin"]
[Black "Gokerkan"]
[Result "0-1"]
[WhiteElo "2135"]
[BlackElo "2598"]
[Annotator "TA"]
[PlyCount "28"]
[EventDate "2020.08.06"]
[EventType "swiss (blitz)"]

{[%evp 10,28,65,58,57,58,62,33,55,18,35,0,0,0,5,-728,-733,-731,-754,-861,-760]} 1. d4 c5 2. d5 e5 3. c4 d6 4. Nc3 Be7 5. e4 Bg5 6. Bd3 Bxc1 {A44: Semi-Benoni.} 7. Qxc1 Ne7 {[#]} 8. Qe3 $146 ({Predecessor:} 8. Nge2 O-O 9. O-O a6 10. a3 Ng6 11. Qe3 Nd7 12. g3 Nf6 13. f3 {½-½ (13) Zawadzki,S (2419)-Brodowski,P (2425) Lublin 2009}) 8... O-O {White is slightly better.} 9. h3 a6 10. g4 Ng6 11. Nge2 Nh4 {Hoping for ...Ng2+.} 12. a4 $2 {[%mdl 8192]} (12. Rg1 $11) 12... Ng2+ $19 {[%mdl 64] [#] Double Attack. Black is clearly winning.} 13. Kd2 Nxe3 14. Kxe3 Nd7 {Black took control after the opening. Accuracy: White = 23%, Black = 100%.} 0-1

[Event "Stay Safe Play From Home 361"]
[Site "Emanuel Lasker Arena"]
[Date "2020.08.06"]
[Round "1"]
[White "Edmatuag"]
[Black "Uber_WING"]
[Result "0-1"]
[WhiteElo "1720"]
[BlackElo "2338"]
[Annotator "TA"]
[PlyCount "70"]
[EventDate "2020.08.06"]
[EventType "swiss (blitz)"]

{[%evp 9,70,0,41,-36,-43,-51,-34,-35,-27,-64,6,-8,-18,-31,-23,-115,-134,-159,-152,-190,-208,-204,-182,-269,-195,-325,-321,-453,-469,-465,-441,-489,-473,-493,-470,-451,-443,-745,-727,-1190,-1182,-1168,-1075,-1776,-1761,-1858,-1794,-1597,-1766,-1838,-1888,-29985,-29986,-29986,-2771,-5787,-5569,-29962,-6053,-29986,-29987,-29977,-1150]} 1. d3 d6 2. c3 c6 ({Predecessor:} 2... e5 3. e4 c6 4. g3 g6 5. Be3 Nf6 6. f3 Be6 7. Qd2 Nbd7 8. d4 Qc7 9. Bg2 {½-½ (24) Skvortsov,A (2150)-Marchukov,D (2098) Borisoglebsk 2015}) 3. Nd2 Qc7 4. e4 e5 5. f4 g6 6. Ngf3 {A00: Irregular Openings.} (6. fxe5 $14 dxe5 7. Ngf3) 6... exf4 $15 7. Nc4 b5 8. Na3 {Black is slightly better.} Bh6 9. Nc2 g5 ({Black should try} 9... d5 $15) 10. Ncd4 Qe7 11. h3 Bd7 12. Nh2 (12. g3 $11) 12... c5 $17 {Black converts the advantage convincingly.} 13. Ndf3 Nc6 14. Ng4 Bg7 $1 15. Bd2 h5 16. Ngh2 (16. Nf2 $142) 16... f5 {And now ...g4 would win.} 17. Qe2 (17. Be2 $142) 17... g4 $19 18. Ng1 (18. Bxf4 {keeps fighting.} gxf3 19. Nxf3) 18... b4 19. exf5 bxc3 20. Qxe7+ Ngxe7 21. Bxc3 Bxc3+ 22. bxc3 Nxf5 {aiming for ...Ng3.} 23. hxg4 (23. Ne2 $142) 23... hxg4 24. g3 Nxg3 25. Bg2 Nxh1 26. Bxh1 Rxh2 27. Bd5 O-O-O 28. O-O-O Re8 29. Kb1 f3 30. Bf7 Re7 31. Bg6 Kc7 (31... f2 $142 32. Be4 Rh1 $1 {[%mdl 512]} 33. Kb2 Rxg1 34. Rc1 Rxe4 $1 {[%mdl 576] Promotion} 35. dxe4 Rxc1 36. Kxc1 f1=Q+ 37. Kc2 Qf2+ 38. Kb3 Na5+ 39. Ka3 Qd2 40. e5 Qxc3#) 32. Be4 Be6 33. c4 {[#]} d5 $1 34. cxd5 {[#]} Bxd5 $1 35. Bxd5 Ree2 {Accuracy: White = 27%, Black = 80%.} (35... Re3 $142 36. Bxf3 gxf3 37. Nxf3 Rxf3 38. Ka1 Rff2 39. Re1 Rxa2+ 40. Kb1 Nb4 41. Re7+ {[#]} Kd6 $1 {[%mdl 512]} 42. Re1 Rhb2+ 43. Kc1 Nxd3+ {[%mdl 64] Double Attack} 44. Kd1 Rd2#) 0-1

[Event "Stay Safe Play From Home 361"]
[Site "Emanuel Lasker Arena"]
[Date "2020.08.06"]
[Round "1"]
[White "Ao017545"]
[Black "Little champs"]
[Result "0-1"]
[WhiteElo "1527"]
[BlackElo "2148"]
[Annotator "NA RC"]
[PlyCount "64"]
[EventDate "2020.08.06"]
[EventType "swiss (blitz)"]

1. e4 {[%emt 0:00:01]} c5 {[%emt 0:00:02]} 2. Nf3 {[%emt 0:00:00]} d6 {[%emt 0:00:00]} 3. Bc4 {[%emt 0:00:01]} e6 {[%emt 0:00:01]} 4. e5 {[%emt 0:00:00]} d5 {[%emt 0:00:01]} 5. Bb5+ {[%emt 0:00:02]} Bd7 {[%emt 0:00:00]} 6. a4 {[%emt 0:00:04]} a6 {[%emt 0:00:00]} 7. Be2 {[%emt 0:00:01]} Ne7 {[%emt 0:00:02]} 8. c3 {[%emt 0:00:00]} Ng6 {[%emt 0:00:00]} 9. d4 {[%emt 0:00:00]} cxd4 {[%emt 0:00:00]} 10. cxd4 {[%emt 0:00:02]} Nc6 {[%emt 0:00:00]} 11. Bg5 {[%emt 0:00:01]} Bb4+ {[%emt 0:00:02]} 12. Nc3 {[%emt 0:00:07]} Qa5 {[%emt 0:00:01]} 13. O-O {[%emt 0:00:02]} O-O {[%emt 0:00:03]} 14. Nd2 {[%emt 0:00:07]} Bxc3 {[%emt 0:00:02]} 15. bxc3 {[%emt 0:00:02]} Qxc3 {[%emt 0:00:01]} 16. Be3 {[%emt 0:00:01]} Nxd4 {[%emt 0:00:02]} 17. Rc1 {[%emt 0:00:04]} Nxe2+ {[%emt 0:00:01]} 18. Qxe2 {[%emt 0:00:02]} Qxe5 {[%emt 0:00:00]} 19. f4 {[%emt 0:00:03]} Qf6 {[%emt 0:00:04]} 20. Qd3 {[%emt 0:00:06]} Bxa4 {[%emt 0:00:02]} 21. Bd4 {[%emt 0:00:01]} Qe7 {[%emt 0:00:01]} 22. Bc5 {[%emt 0:00:01]} Qd7 {[%emt 0:00:01]} 23. Bxf8 {[%emt 0:00:00]} Bb5 {[%emt 0:00:00]} 24. Qd4 {[%emt 0:00:01]} Nxf8 {[%emt 0:00:03]} 25. Rfe1 {[%emt 0:00:02]} g6 {[%emt 0:00:01]} 26. Re3 {[%emt 0:00:00]} Qd6 {[%emt 0:00:02]} 27. Rcc3 {[%emt 0:00:02]} Nd7 {[%emt 0:00:01]} 28. Rh3 {[%emt 0:00:00]} e5 {[%emt 0:00:02]} 29. fxe5 {[%emt 0:00:03]} Qxe5 {[%emt 0:00:01]} 30. Qxe5 {[%emt 0:00:02]} Nxe5 {[%emt 0:00:01]} 31. Rc7 {[%emt 0:00:00]} Bc6 {[%emt 0:00:03]} 32. Nf3 {[%emt 0:00:00]} Nxf3+ {[%emt 0:00:01] Zaman Zaman Zaman Zaman Zaman (Lag: Av=1.02s, max=1.9s) (Lag: Av=1.02s, max=1.9s) (Lag: Av=1.02s, max=1.9s) (Lag: Av=1.02s, max=1.9s) (Lag: Av=1.02s, max=1.9s)} 0-1

[Event "Stay Safe Play From Home 361"]
[Site "Emanuel Lasker Arena"]
[Date "2020.08.06"]
[Round "1"]
[White "Klasman"]
[Black "SoulofWolf"]
[Result "0-1"]
[WhiteElo "1369"]
[BlackElo "2252"]
[Annotator "TA"]
[PlyCount "36"]
[EventDate "2020.08.06"]
[EventType "swiss (blitz)"]

{[%evp 9,36,16,27,22,31,-24,-30,-28,29,-10,0,-10,60,25,85,56,102,-10,-14,-14,-24,-62,-66,-63,194,-66,-37,-694,-337]} 1. f4 d5 2. e3 c5 3. Nf3 Nc6 4. d4 b6 {[#]} 5. c4 $146 ({Predecessor:} 5. c3 Bb7 6. Bd3 e6 7. O-O Nf6 8. Nbd2 Bd6 9. Ne5 O-O 10. Qf3 Ne7 11. g4 Nd7 12. Nxd7 Qxd7 {1-0 (26) Eltsov,V (2098)-Abramichev,A (1985) St Petersburg 2008}) 5... e6 6. Nc3 {A03: Bird's Opening with 1...d5.} Nf6 7. Bd2 (7. cxd5 $14 Nxd5 8. Bb5) 7... cxd4 $11 8. exd4 {Black has an edge.} Bd6 (8... dxc4 $142 9. Bxc4 Nxd4) 9. Qa4 Bd7 {White should prevent ...Nxd4!} 10. cxd5 $1 exd5 (10... Nxd5 $11 11. Ne4 Qc7) 11. Bb5 $36 {[%mdl 2048] White is more active.} Rc8 (11... Ne7 $11 {keeps the balance.}) 12. O-O O-O 13. Qd1 (13. Ne5 $16 {[%cal Re5c6]} Bxe5 14. dxe5) 13... Re8 $11 14. a3 Ne7 {[#] Strongly threatening ...Rxc3!} 15. Bxd7 Qxd7 16. Ne5 Qf5 $2 {[%mdl 8192]} (16... Qb7 $15) 17. Qf3 $2 ({Only move:} 17. g4 $18 Nxg4 18. Nxg4) 17... Ne4 18. Nxd5 $2 {[%mdl 8192] [#]} (18. Rad1 $15) 18... Nxd5 {Accuracy: White = 24%, Black = 42%.} (18... Nxd2 $142 19. Nxe7+ Bxe7) 0-1

[Event "Stay Safe Play From Home 361"]
[Site "Emanuel Lasker Arena"]
[Date "2020.08.06"]
[Round "1"]
[White "James Harcourt"]
[Black "Stefanone"]
[Result "0-1"]
[WhiteElo "1366"]
[BlackElo "1927"]
[Annotator "TA"]
[PlyCount "24"]
[EventDate "2020.08.06"]
[EventType "swiss (blitz)"]

{[%evp 9,23,-187,-47,-278,-280,-539,-523,-526,-508,-4030,-3900,-3325,-2238,-29995,-29996,-29999]} 1. e4 e6 2. f4 b6 3. Nf3 Bb7 {[#]} 4. h4 $146 ({Predecessor:} 4. d3 d5 5. e5 d4 6. Be2 c5 7. Nbd2 Ne7 8. O-O Nd5 9. Ne4 Nc6 10. Rb1 Qd7 {0-1 (51) Gjuran,D (2351)-Tratar,M (2505) Ljubljana 2010}) 4... Nf6 5. Ng5 Be7 ({Resist} 5... Nxe4 6. Nxe4 Bxe4 7. Nc3 $17) (5... h6 $19 6. Nf3 Nxe4) 6. Nxf7 $2 {[#] C00: French: Unusual White 2nd moves.} ({White should try} 6. e5 $15 Ne4 7. Rh3) 6... Kxf7 $19 7. f5 $2 (7. d3 {only move.}) 7... Nxe4 8. fxe6+ {Black is clearly winning.} dxe6 9. Bd3 (9. Qf3+ $142 Bf6 10. Rh3) 9... Bxh4+ 10. g3 Bxg3+ 11. Kf1 Qf6+ 12. Kg1 Qf2# {Black took control after the opening.} 0-1

[Event "Stay Safe Play From Home 361"]
[Site "Emanuel Lasker Arena"]
[Date "2020.08.06"]
[Round "2"]
[White "NTBT_DHS"]
[Black "SoulofWolf"]
[Result "1-0"]
[WhiteElo "2628"]
[BlackElo "2252"]
[Annotator "TA"]
[PlyCount "57"]
[EventDate "2020.08.06"]
[EventType "swiss (blitz)"]

{[%evp 9,57,14,95,83,130,130,135,126,126,107,133,56,114,105,105,104,94,0,94,65,69,68,96,96,197,183,385,395,613,583,627,634,790,641,731,716,1116,1111,1119,1090,1112,1117,1079,1089,1349,1346,29963,10901,29979,29979]} 1. e4 c6 2. f4 d5 3. e5 Bf5 4. Nf3 h6 5. d4 {[#]} b5 $146 (5... h5 $11) ({Predecessor:} 5... e6 6. c4 Bb4+ 7. Bd2 Bxd2+ 8. Qxd2 Ne7 9. c5 Nd7 10. b4 b6 11. Ba6 bxc5 12. dxc5 {1-0 (23) Gonzales,A (1729)-Teixeira,A (1523) Joao Pessoa 2019}) 6. Bd3 {B10: Caro-Kann: 2 d3 and 2 c4.} e6 7. Bxf5 exf5 8. a4 {White is clearly better.} b4 9. Qd3 Qd7 10. c4 ({White should try} 10. Be3 $16) 10... a5 (10... dxc4 $14 11. Qxc4 a5) 11. Nbd2 {[%cal Bb1d2,Bd2b3,Bb3a5,Ba5c4,Bc4b6][%mdl 32]} Ne7 12. O-O Ng6 13. Re1 (13. g3 $16) 13... Be7 (13... Nxf4 $11 {remains equal.} 14. e6 Nxd3 15. exd7+ Kxd7) 14. Nb3 O-O 15. Be3 Na6 16. Nxa5 dxc4 (16... Nc5 $16 {was called for.} 17. dxc5 Rxa5) 17. Nxc4 $18 {Strongly threatening Nb6.} Rfd8 $2 (17... Bd8 {is a better defense.} 18. Nd6 Ne7) 18. Nb6 {[%mdl 64] [#] Double Attack} Qb7 (18... Qe6 $142 19. Nxa8 Rxa8) 19. Nxa8 Rxa8 20. Qxf5 Rd8 21. e6 Bf6 22. Ne5 Nxe5 23. fxe5 fxe6 24. Qxe6+ Qf7 25. Qxf7+ Kxf7 26. exf6 Kxf6 27. Rac1 Rd6 28. Bf4 Rxd4 29. Be5+ {[%mdl 64] Double Attack. Accuracy: White = 72%, Black = 27%.} 1-0

[Event "Stay Safe Play From Home 361"]
[Site "Emanuel Lasker Arena"]
[Date "2020.08.06"]
[Round "2"]
[White "Gokerkan"]
[Black "AChessPlayer"]
[Result "1-0"]
[WhiteElo "2601"]
[BlackElo "2436"]
[Annotator "TA"]
[PlyCount "109"]
[EventDate "2020.08.06"]
[EventType "swiss (blitz)"]

{[%evp 13,108,27,30,15,9,14,57,46,73,48,65,63,67,11,47,6,16,0,46,16,0,-13,0,-26,45,43,47,38,35,43,57,60,79,-35,-29,-72,14,16,19,19,18,20,25,18,20,18,23,27,30,2,6,0,6,6,6,0,6,0,8,2,28,34,27,10,93,95,91,91,241,137,222,58,421,414,656,614,29980,29981,29985,29986,29986,29987,29997,29985,29985,29986,29986,29984,29986,29987,29987,29988,29988,29989,29991,29989,29999]} 1. e4 c5 2. c3 Nc6 3. d4 cxd4 4. cxd4 d5 5. exd5 Qxd5 6. Nf3 e6 7. Nc3 Qd8 8. d5 $5 {[%mdl 4] An interesting side line. B22: Sicilian: 2 c3.} exd5 9. Qxd5 {[#]} Nf6 $146 ({Predecessor:} 9... Be6 10. Qb5 Bd7 11. Bg5 f6 12. Bf4 Bb4 13. Qxb7 Nge7 14. Rd1 Bxc3+ 15. bxc3 Na5 {1-0 (79) Bednar,J (2277)-Csolto,T (2198) Slovakia 2014}) 10. Qxd8+ {White is slightly better.} Kxd8 11. Bg5 Be7 12. O-O-O+ Ke8 13. Bxf6 (13. Bb5 $14) 13... Bxf6 $11 14. Nd5 {[#] aiming for Nc7+.} Bd8 15. Bb5 Be6 16. Rhe1 {Nf4 is the strong threat.} Kf8 17. Bxc6 bxc6 18. Nf4 Bg4 (18... Bxa2 $11 19. Rd7 g6) 19. Ne5 $14 Bg5 20. Nxg4 {Strongly threatening g3.} Bxf4+ 21. Kc2 h5 22. Ne5 Rh6 23. Nd3 ({Better is} 23. Re4 $16 Bxe5 24. Rxe5) 23... Bxh2 $15 24. Re4 h4 (24... Bc7 $17) 25. Rh1 $11 Bd6 26. Rhxh4 Rxh4 27. Rxh4 {[%mdl 4096] Endgame And now Rh8+ would win. KRB-KRN} Ke7 28. Re4+ Kd7 29. b3 Rh8 30. Rg4 g6 31. Nb2 Rh1 32. Nc4 {Hoping for Rd4.} Bc7 33. Rd4+ Ke6 34. Rd2 Rg1 35. g3 f5 36. Kd3 g5 37. Re2+ Kf6 38. Ne3 Ra1 (38... Ke6 $11 {keeps the balance.}) 39. Rc2 $16 Bb6 40. Rxc6+ Ke5 (40... Kf7 $16 {keeps fighting.}) 41. Nc4+ $18 Kd5 42. Rg6 $2 (42. Rf6 $18) 42... Kc5 $2 {[%mdl 8192]} (42... Bxf2 $14 43. Rxg5 Ke6) 43. Rxg5 Kb4 (43... Bd8 $142) 44. Rxf5 {Threatens to win with a3+.} Rd1+ 45. Kc2 {[%csl Gc4][%cal Ra2a3] White mates.} Ra1 46. a3+ Rxa3 47. Nxa3 Kxa3 {KR-KB} 48. g4 Kb4 49. g5 Bd4 50. g6 Bg7 {[#]} 51. Rf7 $1 Ba1 52. g7 Bxg7 53. Rxg7 a5 54. Rg4+ Ka3 55. Ra4# {Accuracy: White = 72%, Black = 57%.} 1-0

[Event "Stay Safe Play From Home 361"]
[Site "Emanuel Lasker Arena"]
[Date "2020.08.06"]
[Round "2"]
[White "Uber_WING"]
[Black "Lamborghini"]
[Result "1-0"]
[WhiteElo "2339"]
[BlackElo "2300"]
[Annotator "TA"]
[PlyCount "85"]
[EventDate "2020.08.06"]
[EventType "swiss (blitz)"]

{[%evp 11,85,-19,-12,-49,-40,-45,-38,-58,-38,-41,-10,-2,0,0,0,-7,0,0,4,-6,-10,-16,-13,-30,-9,-12,-12,-12,-6,-10,-10,-8,-2,-9,0,-13,-11,-11,-11,-26,-10,-38,0,-13,-3,-19,135,-69,-67,-51,-22,-22,-12,-12,-12,-12,-12,-12,0,-8,-13,-12,0,0,27,20,33,18,29,-5,0,0,37,0,901,875]} 1. e4 c5 2. d4 d6 3. Nf3 cxd4 4. c3 Nf6 5. e5 dxe5 6. Nxe5 Nbd7 7. Bb5 {B21: Sicilian: 2 f4 and Morra Gambit.} a6 8. Bxd7+ Nxd7 9. Qxd4 {Black is slightly better.} Nxe5 10. Qxe5 {[#]} Bd7 $146 ({Predecessor:} 10... Qd3 11. Qe3 Bf5 12. Qxd3 Bxd3 13. Nd2 Rd8 14. Nf3 Be4 15. Ke2 e5 16. Nxe5 Bxg2 {0-1 (54) Kelemen,I (2131)-Istvanovszky,M (2331) Hungary 2013}) 11. Be3 Bc6 12. O-O e6 13. Nd2 Qd5 14. Qxd5 Bxd5 15. b3 Be7 16. c4 Bc6 17. Rad1 f6 18. f3 Kf7 19. Ne4 Rhd8 20. Bb6 Rxd1 21. Rxd1 h5 22. Kf2 h4 23. h3 e5 24. Nc5 g5 25. Nd3 Ke6 26. Bc5 Bd8 27. Be3 Rc8 28. Nc5+ Kf7 $2 {[#]} (28... Kf5 $11) 29. b4 $2 ({Only move:} 29. Nxb7 $1 $16 {[%mdl 512]} Be7 (29... Bxb7 30. Rd7+) 30. Nd6+ Bxd6 31. Rxd6) 29... Be7 $15 30. a3 Bxc5 31. Bxc5 {[%mdl 4096] Endgame KRB-KRB} e4 32. fxe4 Bxe4 33. Rd7+ Kg6 34. Rd6 Bc6 35. g3 hxg3+ 36. Kxg3 Kf5 37. Bd4 Re8 38. Rxf6+ Ke4 39. Bf2 Kd3 40. Rg6 Kxc4 41. Rxg5 Kb3 42. b5 {[%cal Bb4b5,Bb5c6][%mdl 32]} Ka4 $2 {[%mdl 8192] [#]} (42... Bxb5 $11 43. h4 Kxa3) 43. bxc6 {Accuracy: White = 78%, Black = 73%.} 1-0